Born on the Same Day Quiz Stats

Quiz Updated Jan 12, 2018

Challenge
Share
Tweet
Score 0/24 Timer 06:00
3 Plays Today
% Correct
Abraham Lincoln and Charles Darwin
98.9%
Marilyn Monroe and Andy Griffith
96.6%
Carl Lewis and Princess Diana
92.8%
George W. Bush and Sylvester Stallone
92.7%
Michael Jordan and Larry the Cable Guy
91.8%
Angelina Jolie and Russell Brand
88.1%
Lenny Bruce and Margaret Thatcher
83.9%
Paris Hilton and Joseph Gordon-Levitt
83.7%
Psy and Donald Trump Jr.
83.1%
Pol Pot and Malcolm X
82.8%
John Cena and John Oliver
81.3%
Lil Jon and Kid Rock
79.3%
% Correct
Newt Gingrich and Barry Manilow
79.3%
Sir Ben Kingsley and John Denver
79%
Matthew McConaughey and P Diddy
78.9%
Steve Biko and Steven Spielberg
76.6%
Michael Caine and Quincy Jones
76.4%
Stockard Channing and Jerry Springer
75.4%
Walt Disney and Werner Heisenberg
70.6%
Bashar Al-Assad and Moby
62.1%
David Attenborough and Don Rickles
60%
Fats Domino and Ariel Sharon
49.9%
Hubert Humphrey and Vincent Price
39%
Bessie Smith and Nikita Khrushchev
21.1%

You're not logged in!

Compare scores with friends on all Sporcle quizzes.
Sign Up with Email
OR
Log In

You Might Also Like...

Show Comments

Extras

Top Quizzes Today


Score Distribution

Your Account Isn't Verified!

In order to create a playlist on Sporcle, you need to verify the email address you used during registration. Go to your Sporcle Settings to finish the process.

Report this User

Report this user for behavior that violates our Community Guidelines.

Details: